| 000 | 00772nam a2200217 a 4500 | ||
|---|---|---|---|
| 001 | 000024005 | ||
| 005 | 20200930022634.0 | ||
| 008 | 110118s2010 dr a 000 0 spa d | ||
| 020 | _a9789945163728 | ||
| 040 |
_aDO-SdBNP _bspa _cBNPHU |
||
| 082 |
_axxxx _bL864m |
||
| 100 | 1 |
_aLópez Reyes, Óscar _9750 |
|
| 245 | 1 | 3 |
_aEl miedo escénico : _b¿qué es y cómo superarlo? / _cÓscar López Reyes ; prólogo José Miguel Gómez. |
| 260 |
_aSanto Domingo : _bBúho, _c2010. |
||
| 300 |
_a143 p. : _bil. ; _c22 cm. |
||
| 500 | _aIncluye datos biográficos del autor en las solapas | ||
| 504 | _aIncluye referencias bibliográficas y notas al pie de las páginas | ||
| 504 | _aBibliografías : p. 139-143 | ||
| 700 | 1 |
_aGómez, José Miguel, _epról. _9380 |
|
| 049 | _aBNPD | ||
| 999 |
_c23500 _d23500 |
||